Vocabulary Words Ending in O - Statistics

General Stats
  • This quiz has been taken 144 times
  • The average score is 15 of 26
Answer Stats
clue word % Correct
E reflected sound off a building or canyon wall echo
93%
I least well-known colour of the rainbow? indigo
92%
N Japanese video-game company Nintendo
91%
H impoverished homeless vagrant hobo
84%
R young Shakespearean tragic character Romeo
82%
Y brand of web search engine Yahoo!
82%
G this lizard species can be from 1 to 24 cm long gecko
77%
F Spanish dance style fandango
76%
J Palestinian city, famous for Old Testament trumpets Jericho
74%
Z the only non-positive non-negative integer zero
73%
U Italian male name, corresponds to English Humbert Umberto
70%
O Greek alcoholic drink ouzo
66%
P South American sleeveless outer garment poncho
64%
V Rudolph, the silent film star Valentino
63%
B Mali's capital Bamako
53%
A Madagascar's capital Antananarivo
50%
K small musical instrument kazoo
49%
M major sheep breed merino
34%
L in classical music, a term meaning very slow largo
33%
C World's biggest producer of this crop is Côte d'Ivoire cacao
31%
S large cactus endemic to Arizona saguaro
28%
D Mindanao's largest city Davao
26%
X cognac grade, meaning extra old XO
26%
W animal, mid-sized between wallabies and kangaroos wallaroo
21%
Q quasi-autonomous non-governmental organisation quango
16%
T fruiting tree also known as tree tomato tamarillo
3%
No matching quizzes found
Score Distribution
Percent of People with Each Score
Percentile by Number Answered
Your Score History
You have not taken this quiz